<?xml version="1.0" encoding="UTF-8"?>
<collection xmlns="http://www.loc.gov/MARC21/slim">
 <record>
  <leader>04545cam a2200829   4500</leader>
  <controlfield tag="001">726931306</controlfield>
  <controlfield tag="003">DE-627</controlfield>
  <controlfield tag="005">20241214204937.0</controlfield>
  <controlfield tag="007">tu</controlfield>
  <controlfield tag="008">121005s2013    gw ||||| c    00| ||ger c</controlfield>
  <datafield tag="010" ind1=" " ind2=" ">
   <subfield code="a">  2013382930</subfield>
  </datafield>
  <datafield tag="015" ind1=" " ind2=" ">
   <subfield code="a">12,N40</subfield>
   <subfield code="2">dnb</subfield>
  </datafield>
  <datafield tag="016" ind1="7" ind2=" ">
   <subfield code="a">1026220343</subfield>
   <subfield code="2">DE-101</subfield>
  </datafield>
  <datafield tag="020" ind1=" " ind2=" ">
   <subfield code="a">9783777420035</subfield>
   <subfield code="c">Gb. : ca. EUR 39.90 (DE)</subfield>
   <subfield code="9">978-3-7774-2003-5</subfield>
  </datafield>
  <datafield tag="024" ind1="3" ind2=" ">
   <subfield code="a">9783777420035</subfield>
  </datafield>
  <datafield tag="035" ind1=" " ind2=" ">
   <subfield code="a">(DE-627)726931306</subfield>
  </datafield>
  <datafield tag="035" ind1=" " ind2=" ">
   <subfield code="a">(DE-576)382396529</subfield>
  </datafield>
  <datafield tag="035" ind1=" " ind2=" ">
   <subfield code="a">(DE-599)DNB1026220343</subfield>
  </datafield>
  <datafield tag="035" ind1=" " ind2=" ">
   <subfield code="a">(OCoLC)854326422</subfield>
  </datafield>
  <datafield tag="035" ind1=" " ind2=" ">
   <subfield code="a">(OCoLC)820381446</subfield>
  </datafield>
  <datafield tag="035" ind1=" " ind2=" ">
   <subfield code="a">(OCoLC)854326422</subfield>
  </datafield>
  <datafield tag="035" ind1=" " ind2=" ">
   <subfield code="a">(DE-Rt5)3455082</subfield>
  </datafield>
  <datafield tag="040" ind1=" " ind2=" ">
   <subfield code="a">DE-627</subfield>
   <subfield code="b">ger</subfield>
   <subfield code="c">DE-627</subfield>
   <subfield code="e">rakwb</subfield>
  </datafield>
  <datafield tag="041" ind1=" " ind2=" ">
   <subfield code="a">ger</subfield>
  </datafield>
  <datafield tag="044" ind1=" " ind2=" ">
   <subfield code="c">XA-DE-BY</subfield>
  </datafield>
  <datafield tag="050" ind1=" " ind2="0">
   <subfield code="a">N6999.R62</subfield>
  </datafield>
  <datafield tag="082" ind1="0" ind2=" ">
   <subfield code="a">709</subfield>
   <subfield code="q">BSZ</subfield>
  </datafield>
  <datafield tag="082" ind1="0" ind2="4">
   <subfield code="a">700</subfield>
   <subfield code="q">DNB</subfield>
  </datafield>
  <datafield tag="084" ind1=" " ind2=" ">
   <subfield code="a">Ryk</subfield>
   <subfield code="2">asb</subfield>
  </datafield>
  <datafield tag="084" ind1=" " ind2=" ">
   <subfield code="a">RYB 25</subfield>
   <subfield code="2">ssd</subfield>
  </datafield>
  <datafield tag="084" ind1=" " ind2=" ">
   <subfield code="a">KU 840 ROD</subfield>
   <subfield code="2">sfb</subfield>
  </datafield>
  <datafield tag="084" ind1=" " ind2=" ">
   <subfield code="a">K 911</subfield>
   <subfield code="2">kab</subfield>
  </datafield>
  <datafield tag="084" ind1=" " ind2=" ">
   <subfield code="a">K 122</subfield>
   <subfield code="2">kab</subfield>
  </datafield>
  <datafield tag="084" ind1=" " ind2=" ">
   <subfield code="a">9,10</subfield>
   <subfield code="2">ssgn</subfield>
  </datafield>
  <datafield tag="084" ind1=" " ind2=" ">
   <subfield code="a">AP 94100</subfield>
   <subfield code="2">rvk</subfield>
   <subfield code="0">(DE-625)rvk/8146:</subfield>
  </datafield>
  <datafield tag="084" ind1=" " ind2=" ">
   <subfield code="a">LI 73430</subfield>
   <subfield code="q">DE-24/22sred</subfield>
   <subfield code="2">rvk</subfield>
   <subfield code="0">(DE-625)rvk/96957:</subfield>
  </datafield>
  <datafield tag="084" ind1=" " ind2=" ">
   <subfield code="a">20.31</subfield>
   <subfield code="2">bkl</subfield>
  </datafield>
  <datafield tag="245" ind1="1" ind2="0">
   <subfield code="a">Rodtschenko - eine neue Zeit</subfield>
   <subfield code="b">Bucerius Kunst Forum, Hamburg, 8. Juni bis 15. September 2013 ; [... anlässlich der Ausstellung &quot;Rodtschenko. Eine Neue Zeit&quot;]</subfield>
   <subfield code="c">Ausstellung und Katalog Alla Chilova und Ortrud Westheider. Mit Beiträgen von Hubertus Gaßner, Miriam Häßler, Alexander N. Lawrentjew ...</subfield>
  </datafield>
  <datafield tag="264" ind1=" " ind2="1">
   <subfield code="a">München</subfield>
   <subfield code="b">Hirmer</subfield>
   <subfield code="c">2013</subfield>
  </datafield>
  <datafield tag="300" ind1=" " ind2=" ">
   <subfield code="a">239 Seiten</subfield>
   <subfield code="b">zahlr. Ill.</subfield>
   <subfield code="c">28 cm</subfield>
  </datafield>
  <datafield tag="336" ind1=" " ind2=" ">
   <subfield code="a">Text</subfield>
   <subfield code="b">txt</subfield>
   <subfield code="2">rdacontent</subfield>
  </datafield>
  <datafield tag="336" ind1=" " ind2=" ">
   <subfield code="a">unbewegtes Bild</subfield>
   <subfield code="b">sti</subfield>
   <subfield code="2">rdacontent</subfield>
  </datafield>
  <datafield tag="337" ind1=" " ind2=" ">
   <subfield code="a">ohne Hilfsmittel zu benutzen</subfield>
   <subfield code="b">n</subfield>
   <subfield code="2">rdamedia</subfield>
  </datafield>
  <datafield tag="338" ind1=" " ind2=" ">
   <subfield code="a">Band</subfield>
   <subfield code="b">nc</subfield>
   <subfield code="2">rdacarrier</subfield>
  </datafield>
  <datafield tag="490" ind1="0" ind2=" ">
   <subfield code="a">Publikationen des Bucerius Kunst Forums</subfield>
  </datafield>
  <datafield tag="600" ind1="1" ind2="0">
   <subfield code="a">Rodchenko, Aleksandr Mikhaĭlovich</subfield>
   <subfield code="d">1891-1956</subfield>
   <subfield code="v">Exhibitions</subfield>
  </datafield>
  <datafield tag="600" ind1="1" ind2="4">
   <subfield code="a">Rodcenko, Aleksandr M</subfield>
  </datafield>
  <datafield tag="650" ind1=" " ind2="0">
   <subfield code="a">Photography, Artistic</subfield>
   <subfield code="v">Exhibitions</subfield>
  </datafield>
  <datafield tag="655" ind1=" " ind2="7">
   <subfield code="a">Ausstellungskatalog</subfield>
   <subfield code="y">2013</subfield>
   <subfield code="z">Hamburg</subfield>
   <subfield code="0">(DE-588)4135467-9</subfield>
   <subfield code="0">(DE-627)10566491X</subfield>
   <subfield code="0">(DE-576)209660988</subfield>
   <subfield code="2">gnd-content</subfield>
  </datafield>
  <datafield tag="689" ind1="0" ind2="0">
   <subfield code="d">p</subfield>
   <subfield code="0">(DE-588)118641999</subfield>
   <subfield code="0">(DE-627)079428452</subfield>
   <subfield code="0">(DE-576)162757867</subfield>
   <subfield code="a">Rodčenko, Aleksandr Michajlovič</subfield>
   <subfield code="d">1891-1956</subfield>
   <subfield code="2">gnd</subfield>
  </datafield>
  <datafield tag="689" ind1="0" ind2=" ">
   <subfield code="5">(DE-627)</subfield>
  </datafield>
  <datafield tag="700" ind1="1" ind2=" ">
   <subfield code="a">Rodčenko, Aleksandr Michajlovič</subfield>
   <subfield code="d">1891-1956</subfield>
   <subfield code="e">Ill.</subfield>
   <subfield code="0">(DE-588)118641999</subfield>
   <subfield code="0">(DE-627)079428452</subfield>
   <subfield code="0">(DE-576)162757867</subfield>
   <subfield code="4">ill</subfield>
  </datafield>
  <datafield tag="700" ind1="1" ind2=" ">
   <subfield code="a">Chilova, Alla</subfield>
   <subfield code="e">Hrsg.</subfield>
   <subfield code="0">(DE-588)141446463</subfield>
   <subfield code="0">(DE-627)627791689</subfield>
   <subfield code="0">(DE-576)323918379</subfield>
   <subfield code="4">edt</subfield>
  </datafield>
  <datafield tag="700" ind1="1" ind2=" ">
   <subfield code="a">Westheider, Ortrud</subfield>
   <subfield code="d">1964-</subfield>
   <subfield code="e">Hrsg.</subfield>
   <subfield code="0">(DE-588)120480085</subfield>
   <subfield code="0">(DE-627)080701574</subfield>
   <subfield code="0">(DE-576)174323115</subfield>
   <subfield code="4">edt</subfield>
  </datafield>
  <datafield tag="700" ind1="1" ind2=" ">
   <subfield code="a">Gaßner, Hubertus</subfield>
   <subfield code="d">1950-</subfield>
   <subfield code="0">(DE-588)131375210</subfield>
   <subfield code="0">(DE-627)508493129</subfield>
   <subfield code="0">(DE-576)161067700</subfield>
   <subfield code="4">oth</subfield>
  </datafield>
  <datafield tag="700" ind1="1" ind2=" ">
   <subfield code="a">Lavrentʹev, Aleksandr</subfield>
   <subfield code="d">1954-</subfield>
   <subfield code="0">(DE-588)103551913</subfield>
   <subfield code="0">(DE-627)687039975</subfield>
   <subfield code="0">(DE-576)359086926</subfield>
   <subfield code="4">oth</subfield>
  </datafield>
  <datafield tag="700" ind1="1" ind2=" ">
   <subfield code="a">Leimer, Miriam</subfield>
   <subfield code="0">(DE-588)1032027495</subfield>
   <subfield code="0">(DE-627)737837268</subfield>
   <subfield code="0">(DE-576)379769948</subfield>
   <subfield code="4">oth</subfield>
  </datafield>
  <datafield tag="700" ind1="1" ind2=" ">
   <subfield code="a">Pisot, Sandra</subfield>
   <subfield code="d">1974-</subfield>
   <subfield code="0">(DE-588)1024677885</subfield>
   <subfield code="0">(DE-627)721019137</subfield>
   <subfield code="0">(DE-576)365899569</subfield>
   <subfield code="4">oth</subfield>
  </datafield>
  <datafield tag="700" ind1="1" ind2=" ">
   <subfield code="a">Philipp, Michael</subfield>
   <subfield code="d">1962-</subfield>
   <subfield code="e">Red.</subfield>
   <subfield code="0">(DE-588)134105583</subfield>
   <subfield code="0">(DE-627)560882173</subfield>
   <subfield code="0">(DE-576)300315449</subfield>
   <subfield code="4">adp</subfield>
  </datafield>
  <datafield tag="710" ind1="2" ind2=" ">
   <subfield code="a">Bucerius Kunst Forum</subfield>
   <subfield code="0">(DE-588)10049073-6</subfield>
   <subfield code="0">(DE-627)358817757</subfield>
   <subfield code="0">(DE-576)199342601</subfield>
   <subfield code="4">oth</subfield>
  </datafield>
  <datafield tag="711" ind1="2" ind2=" ">
   <subfield code="a">Ausstellung Rodtschenko. Eine Neue Zeit</subfield>
   <subfield code="d">2013</subfield>
   <subfield code="c">Hamburg</subfield>
   <subfield code="0">(DE-588)1035514087</subfield>
   <subfield code="0">(DE-627)74782178X</subfield>
   <subfield code="0">(DE-576)383226295</subfield>
   <subfield code="4">oth</subfield>
  </datafield>
  <datafield tag="787" ind1="0" ind2="8">
   <subfield code="i">Rezensiert in</subfield>
   <subfield code="a">Zeeb, Reiner</subfield>
   <subfield code="t">[Rezension von: Alla Chilova, Ortrud Westheider, Rodtschenko]</subfield>
   <subfield code="d">Regensburg : Schnell und Steiner, 2013</subfield>
   <subfield code="w">(DE-627)155331090X</subfield>
   <subfield code="w">(DE-576)483310905</subfield>
  </datafield>
  <datafield tag="856" ind1="4" ind2="2">
   <subfield code="u">http://www.gbv.de/dms/weimar/toc/726931306_toc.pdf</subfield>
   <subfield code="m">V:DE-601</subfield>
   <subfield code="m">B:DE-Wim2</subfield>
   <subfield code="x">Verlag</subfield>
   <subfield code="y">Inhaltsverzeichnis</subfield>
   <subfield code="3">Inhaltsverzeichnis</subfield>
  </datafield>
  <datafield tag="856" ind1="4" ind2="2">
   <subfield code="u">http://deposit.dnb.de/cgi-bin/dokserv?id=4127213&amp;prov=M&amp;dok_var=1&amp;dok_ext=htm</subfield>
   <subfield code="m">X: MVB</subfield>
   <subfield code="q">text/html</subfield>
   <subfield code="v">2013-05-01</subfield>
   <subfield code="x">Verlag</subfield>
   <subfield code="3">Inhaltstext</subfield>
  </datafield>
  <datafield tag="935" ind1=" " ind2=" ">
   <subfield code="i">Blocktest</subfield>
  </datafield>
  <datafield tag="936" ind1="r" ind2="v">
   <subfield code="a">AP 94100</subfield>
   <subfield code="b">Biografien, Memoiren, Tagebücher, Briefe, Bildbände einzelner Fotografen</subfield>
   <subfield code="k">Allgemeines</subfield>
   <subfield code="k">Medien- und Kommunikationswissenschaften, Medienkulturwissenschaft, Kommunikationsdesign</subfield>
   <subfield code="k">Fotografie</subfield>
   <subfield code="k">Biografie, Geschichte</subfield>
   <subfield code="k">Biografien, Memoiren, Tagebücher, Briefe, Bildbände einzelner Fotografen</subfield>
   <subfield code="0">(DE-627)127063609X</subfield>
   <subfield code="0">(DE-625)rvk/8146:</subfield>
   <subfield code="0">(DE-576)20063609X</subfield>
  </datafield>
  <datafield tag="936" ind1="r" ind2="v">
   <subfield code="a">LI 73430</subfield>
   <subfield code="b">Rodčenko, Aleksandr M.</subfield>
   <subfield code="k">Kunstgeschichte</subfield>
   <subfield code="k">Künstler-Monografien</subfield>
   <subfield code="k">Alphabetische Künstlerliste</subfield>
   <subfield code="k">Künstler R</subfield>
   <subfield code="k">Rodčenko, Aleksandr M.</subfield>
   <subfield code="0">(DE-627)1354835875</subfield>
   <subfield code="0">(DE-625)rvk/96957:</subfield>
   <subfield code="0">(DE-576)284835870</subfield>
  </datafield>
  <datafield tag="936" ind1="b" ind2="k">
   <subfield code="a">20.31</subfield>
   <subfield code="j">Bildende Künstler</subfield>
   <subfield code="0">(DE-627)181571080</subfield>
  </datafield>
  <datafield tag="951" ind1=" " ind2=" ">
   <subfield code="a">BO</subfield>
  </datafield>
  <datafield tag="990" ind1=" " ind2=" ">
   <subfield code="a">Rodčenko, Aleksandr Michajlovič</subfield>
  </datafield>
  <datafield tag="991" ind1=" " ind2=" ">
   <subfield code="a">Rezensiertes Werk</subfield>
  </datafield>
  <datafield tag="999" ind1=" " ind2=" ">
   <subfield code="a">KXP-PPN726931306</subfield>
   <subfield code="e">416003263X</subfield>
  </datafield>
 </record>
</collection>
